Online Catalogue and eLibrary

The political economy of underdevelopment (Record no. 2579)

MARC details
000 -LEADER
fixed length control field 00444nam a2200181Ia 4500
005 - DATE AND TIME OF LATEST TRANSACTION
control field 20240402040616.0
008 - FIXED-LENGTH DATA ELEMENTS--GENERAL INFORMATION
fixed length control field 240331s9999 xx 000 0 und d
020 ## - INTERNATIONAL STANDARD BOOK NUMBER
ISBN 0710002733
082 ## - DDC Classification
Item Number - Author Mark DES
Class No. 330.9
100 ## - MAIN ENTRY--PERSONAL NAME
Personal name de Silva, S.B.D
245 #4 - TITLE STATEMENT
Title The political economy of underdevelopment
250 ## - EDITION STATEMENT
Edition statement 1 St.
260 ## - PUBLICATION, DISTRIBUTION, ETC.
Place of publication, distribution, etc. London :
Name of publisher, distributor, etc. Routledge /
Date of publication, distribution, etc. 1982.
300 ## - PHYSICAL DESCRIPTION
Extent (e.g. Volumes, Pages etc.) vii, 1182 p.,
650 ## - SUBJECT ADDED ENTRY--TOPICAL TERM
Topical term or geographic name entry element political
650 ## - SUBJECT ADDED ENTRY--TOPICAL TERM
Topical term or geographic name entry element Economy
942 ## - Koha item type (Biblio)
Koha item type Books in Stacks (Lending)
Holdings
Lost status Damaged status Collection code Home library Current library Shelving location Date acquired Full call number Accession Number Item type
    Lending WERC Library WERC Library Social Science Cupboard 03/31/2024 330.9 DES 1525 Books in Stacks (Lending)

© WERC Library